| 000 | 00753cab a2200229 4500 | ||
|---|---|---|---|
| 001 | ABS39590 | ||
| 008 | 090401t1988 xxu||||| |||| 00| 0 eng d | ||
| 035 | _a(Sirsi) u17620 | ||
| 041 | _aeng | ||
| 100 | _aCarpenter, P. | ||
| 245 | _aBreaking new ground in buried houses | ||
| 260 | _c1988 | ||
| 350 | _a0 | ||
| 490 |
_aBuilding Today _v196(5769) 18 August 1988, 19-21(3) |
||
| 520 | _aLooks at the earth sheltered building extension at Caer Llan Field Studies Centre , Monmouth which has south facing windows above ground providing a source of energy. Plans | ||
| 650 | _aEARTH BERM | ||
| 650 | _aMODULAR BUILDING | ||
| 650 | _aUNDERGROUND HOUSING | ||
| 690 | _aBUILT ENVIRONMENT-CONSTRUCTION DESIGN | ||
| 942 | _n0 | ||
| 948 | _c04/03/1997 | ||
| 999 |
_c11680 _d11680 |
||